000 01147cam a22002771i 4500
003 SA-RiAUC
005 20250502143729.0
008 241201s2005 su g 00000bara c
020 _a9960444953
024 0 _a1425/576
040 _aKAPL
_bara
_cSA-RiAUC
_erda
072 7 _a045
082 0 4 _a232
092 _a232
_bب ن ج
100 1 _aالبنجابي، محمد بن عبد الكريم بن عبيد،
_d1380 هجري-
_eمؤلف.
245 1 2 _aالثبت الكبير في مشيخة وأسانيد وإجازات الشيخ حسن المشاط المكي 1317 هـ-1399 هـ /
_cدراسة وتحقيق محمد بن عبد الكريم بن عبيد.
264 1 _aمكة المكرمة :
_bمؤسسة الفرقان للتراث الإسلامي،
_c2005
300 _a281 صفحة ؛
_c24 سم
336 _aنص
_btxt
_2rdacontent
_3كتاب
337 _aبدون وسيط
_bn
_2rdamedia
338 _aمجلد
_bnc
_2rdacarrier
600 1 7 _aالمشاط، حسن بن محمد،
_d1319-1399 هجري
_2aucnm
650 7 _aالمسلمون
_vتراجم
_2aucsh
942 _2ddc
_cBOOK
949 _aSA-JeALM
_d241201
_ukhaled123
_n1
999 _c2874
_d2874